Wheel of Time Chapters Ultimate Edition - Statistics

General Stats
  • This quiz has been taken 58 times
  • The average score is 266 of 704
Answer Stats
Hint Answer % Correct
Ch. 10 Leavetaking
80%
Prologue Ravens
80%
Ch. 2 | Ch. 24 Rhuidean
73%
Ch. 37 The Last Battle
73%
Ch. 3 The Peddler
73%
Ch. 5 Winternight
73%
Ch. 20 A Choice
67%
Ch. 25 | Epilogue An Answer
67%
Ch. 35 | Ch. 45 Caemlyn
67%
Ch. 13 | Ch. 17 | Ch. 52 Choices
67%
Prologue Dragonmount
67%
Ch. 42 Falme
67%
Ch. 56 Goldeneyes
67%
Ch. 16 | Ch. 48 | Ch. 9 Leavetakings
67%
Ch. 56 People of the Dragon
67%
Ch. 25 Questions
67%
Ch. 27 Tel'aran'rhiod
67%
Ch. 16 | Ch. 9 Tellings of the Wheel
67%
Ch. 8 The Dragon Reborn
67%
Ch. 4 The Gleeman
67%
Ch. 6 The Westwood
67%
Ch. 26 Whitebridge
67%
Ch. 14 | Ch. 23 | Ch. 40 Wolfbrother
67%
Ch. 12 Across the Taren
60%
Ch. 39 A Cup of Wine
60%
Ch. 31 | Ch. 50 After
60%
Ch. 41 Among the Tuatha'an
60%
Ch. 5 Among the Wise Ones
60%
Ch. 1 An Empty Road
60%
Ch. 36 A New Name
60%
Ch. 18 An Offer
60%
Ch. 12 An Old Pipe
60%
Ch. 8 A Place of Safety
60%
Ch. 32 A Short Spear
60%
Ch. 34 A Silver Arrow
60%
Ch. 31 Assurances
60%
Ch. 30 Beyond the Oak
60%
Ch. 23 Beyond the Stone
60%
Ch. 25 Cairhien
60%
Ch. 49 Cold Rocks Hold
60%
Ch. 3 Customs
60%
Ch. 14 Customs of Mayene
60%
Ch. 30 Daes Dae'mar
60%
Ch. 40 Damane
60%
Ch. 9 Decisions
60%
Ch. 43 Decisions and Apparitions
60%
Ch. 25 Dreams of Galad
60%
Ch. 55 Dumai's Wells
60%
Ch. 46 Fal Dara
60%
Ch. 44 Five Will Ride Forth
60%
Ch. 28 Footprints in Air
60%
Ch. 13 From Stone to Stone
60%
Ch. 53 | Ch. 6 Gateways
60%
Ch. 34 He Who Comes With The Dawn
60%
Ch. 29 Homecoming
60%
Ch. 40 Hunter of Trollocs
60%
Ch. 37 Imre Stand
60%
Ch. 15 Into the Doorway
60%
Ch. 21 Into the Heart
60%
Ch. 54 Into the Palace
60%
Ch. 54 Into the Stone
60%
Ch. 18 Into the Ways
60%
Ch. 20 Jangai Pass
60%
Ch. 38 Maidens of the Spear
60%
Ch. 14 Meeting
60%
Ch. 50 Meetings at the Eye
60%
Ch. 19 Memories
60%
Ch. 29 Memories of Saldaea
60%
Ch. 22 Out of the Stone
60%
Ch. 8 Over the Border
60%
Ch. 31 Play for Your Supper
60%
Ch. 5 Questioners
60%
Ch. 38 Rescue
60%
Ch. 2 | Ch. 20 Saidin
60%
Ch. 29 Seanchan
60%
Ch. 19 Shadow's Waiting
60%
Ch. 35 Sharp Lessons
60%
Ch. 35 Stedding Tsofu
60%
Ch. 2 Strangers
60%
Ch. 4 Strings
60%
Ch. 12 Tanchico or the Tower
60%
Ch. 12 The Amyrlin Seat
60%
Epilogue The Answer
60%
Ch. 48 The Blight
60%
Ch. 41 The Craft of Kin Tovere
60%
Ch. 31 The Far Snows
60%
Ch. 1 The Flame of Tar Valon
60%
Ch. 47 The Grave Is No Bar to My Call
60%
Ch. 10 | Ch. 6 The Hunt Begins
60%
Ch. 24 The Kin
60%
Ch. 34 The Last Village
60%
Ch. 11 The Nine Horse Hitch
60%
Ch. 21 The Nine Rings
60%
Ch. 53 The Price of a Departure
60%
Ch. 47 The Price of a Ship
60%
Ch. 11 The Road to Taren Ferry
60%
Ch. 14 The Stag and Lion
60%
Ch. 10 The Stone Stands
60%
Ch. 23 The Testing
60%
Ch. 45 The Tinker's Sword
60%
Ch. 19 The Wavedancer
60%
Ch. 16 The Wisdom
60%
Ch. 45 What Follows in Shadow
60%
Ch. 27 Within the Ways
60%
Ch. 18 A Hound of Darkness
53%
Ch. 36 Among the Elders
53%
Ch. 43 A Plan
53%
Ch. 13 A Small Room in Sienda
53%
Ch. 19 Beneath the Dagger
53%
Ch. 45 Blademaster
53%
Ch. 7 Blood Calls Blood
53%
Ch. 30 Children of Shadow
53%
Ch. 6 Dark Prophecy
53%
Ch. 36 Daughter of the Night
53%
Ch. 42 Easing the Badger
53%
Ch. 29 Eyes Without Pity
53%
Ch. 10 Figs and Mice
53%
Ch. 48 First Claiming
53%
Ch. 24 Flight Down the Arinelle
53%
Ch. 32 Four Kings in Shadow
53%
Ch. 56 Glowing Embers
53%
Ch. 8 Hard Heads
53%
Ch. 17 Heading West
53%
Ch. 16 Hunters Three
53%
Ch. 15 Kinslayer
53%
Ch. 24 New Friends and Old Enemies
53%
Ch. 3 News from the Plain
53%
Ch. 31 On the Scent
53%
Ch. 7 Out of the Woods
53%
Ch. 3 | Ch. 38 Practice
53%
Ch. 12 Questions and Answers
53%
Ch. 26 Sallie Daera
53%
Ch. 43 Shadowbrothers
53%
Ch. 4 Summoned
53%
Ch. 11 Tar Valon
53%
Ch. 34 Ta'veren
53%
Ch. 42 The Black Tower
53%
Ch. 18 The Caemlyn Road
53%
Ch. 44 The Dark Along the Ways
53%
Ch. 49 The Dark One Stirs
53%
Ch. 26 The Dedicated
53%
Ch. 35 The Falcon
53%
Ch. 23 "The Fifth, I Give You"
53%
Ch. 20 The Golden Crane
53%
Ch. 37 The Long Chase
53%
Ch. 27 The Practice of Diffidence
53%
Ch. 17 The Red Sister
53%
Ch. 25 The Road to the Spear
53%
Ch. 5 The Shadow in Shienar
53%
Ch. 53 The Wheel Turns
53%
Ch. 34 | Ch. 40 The Wheel Weaves
53%
Ch. 50 | Ch. 9 Traps
53%
Ch. 46 Veils
53%
Ch. 15 What Can Be Learned in Dreams
53%
Ch. 31 What the Aelfinn Said
53%
Ch. 12 A Bargain
47%
Ch. 33 A Bath
47%
Ch. 41 A Crown of Swords
47%
Ch. 29 A Cup of Sleep
47%
Ch. 9 A Cup of Tea
47%
Ch. 33 A Message from the Dark
47%
Ch. 24 An Embassy
47%
Ch. 11 An Oath
47%
Ch. 22 A Path Chosen
47%
Ch. 10 A Saying in the Borderlands
47%
Ch. 4 A Sense of Humor
47%
Ch. 2 A Wish Fulfilled
47%
Ch. 42 Before the Arrow
47%
Ch. 36 Blades
47%
Ch. 33 Blue Carp Street
47%
Ch. 25 Bonds
47%
Ch. 28 Crimsonthorn
47%
Ch. 6 Doorways
47%
Ch. 20 Dust on the Wind
47%
Ch. 29 Fire and Spirit
47%
Ch. 39 Flight From the White Tower
47%
Ch. 23 Fog of War, Storm of Battle
47%
Ch. 1 High Chasaline
47%
Ch. 44 Hunted
47%
Ch. 15 In Need of a Bellfounder
47%
Ch. 15 Insects
47%
Ch. 35 In the Hall of the Sitters
47%
Ch. 20 Into Andor
47%
Ch. 4 Into Cairhien
47%
Ch. 34 Journey to Salidar
47%
Ch. 1 Leaving the Prophet
47%
Ch. 28 Letters
47%
Prologue Lightnings
47%
Ch. 21 Listen to the Wind
47%
Ch. 31 Mashiara
47%
Ch. 19 Matters of Toh
47%
Ch. 14 Message from the M'Hael
47%
Ch. 36 Misdirections
47%
Ch. 47 More Tales of the Wheel
47%
Ch. 12 New Alliances
47%
Ch. 4 Offers
47%
Ch. 41 Old Friends and New Threats
47%
Ch. 17 Pink Ribbons
47%
Ch. 9 Plans
47%
Ch. 31 Red Wax
47%
Ch. 8 Sea Folk and Kin
47%
Ch. 1 Seeds of Shadow
47%
Prologue Snow
47%
Ch. 40 Spears
47%
Ch. 21 Swovan Night
47%
Ch. 36 The Amyrlin Is Raised
47%
Ch. 27 The Bargain
47%
Ch. 13 The Bowl of the Winds
47%
Ch. 2 The Butcher's Yard
47%
Ch. 50 The Hammer
47%
Ch. 1 The Hook
47%
Ch. 34 The Hummingbird's Secret
47%
Ch. 49 The Mirror of Mists
47%
Ch. 54 The Sending
47%
Ch. 8 The Storm Gathers
47%
Ch. 51 The Taking
47%
Ch. 25 The Traveling People
47%
Ch. 47 The Truth of a Viewing
47%
Ch. 40 The Web Tightens
47%
Ch. 2 The Welcome
47%
Ch. 6 Threads
47%
Ch. 30 To Heal Again
47%
Ch. 50 To Teach, and Learn
47%
Ch. 16 Unexpected Absences
47%
Ch. 40 Unexpected Laughter
47%
Ch. 1 Waiting
47%
Ch. 22 Watchers
47%
Ch. 17 Watchers and Hunters
47%
Ch. 14 What a Veil Hides
47%
Ch. 35 With the Choedan Kal
47%
Ch. 57 A Breaking in the Three-fold Land
40%
Ch. 5 A Broken Crown
40%
Ch. 34 A Cup of Kaf
40%
Ch. 7 A Departure
40%
Ch. 34 | Ch. 5 A Different Dance
40%
Ch. 41 A Fount of Power
40%
Ch. 45 After the Storm
40%
Ch. 51 Against the Shadow
40%
Ch. 12 A Lily in Winter
40%
Ch. 42 A Missing Leaf
40%
Ch. 24 Among the Counsels
40%
Ch. 17 An Arrival
40%
Ch. 33 A New Weave in the Pattern
40%
Ch. 48 An Offer Refused
40%
Ch. 38 An Old Aquaintance
40%
Ch. 9 A Pair of Silverpike
40%
Ch. 15 A Pile of Sand
40%
Ch. 33 A Question of Crimson
40%
Ch. 9 A Signal
40%
Ch. 49 A Storm in Tear
40%
Ch. 51 A Testing
40%
Ch. 29 A Trap to Spring
40%
Ch. 30 A Wager
40%
Ch. 19 Awakening
40%
Ch. 30 Beginnings
40%
Ch. 46 Beyond the Gate
40%
Ch. 43 Care for the Living
40%
Ch. 17 Deceptions
40%
Ch. 14 Dreams and Nightmares
40%
Ch. 53 Fading Words
40%
Ch. 5 Flags
40%
Ch. 3 Friends and Enemies
40%
Ch. 22 Heading South
40%
Ch. 18 Healing
40%
Ch. 38 Hidden Faces
40%
Ch. 55 Into the Deep
40%
Ch. 35 Into the Woods
40%
Ch. 48 Leaning on the Knife
40%
Ch. 4 Leaving the Tower
40%
Ch. 1 Lion on the Hill
40%
Ch. 25 Mindtrap
40%
Ch. 52 Need
40%
Ch. 51 News Comes to Cairhien
40%
Ch. 46 Other Battles, Other Weapons
40%
Ch. 22 Out of Thin Air
40%
Ch. 3 Pale Shadows
40%
Ch. 20 Patterns Within Patterns
40%
Ch. 7 Playing With Fire
40%
Ch. 39 Possibilities
40%
Ch. 32 Questions to be Asked
40%
Ch. 3 Reflection
40%
Ch. 51 Revelations in Tanchico
40%
Ch. 13 Rumors
40%
Ch. 27 Shelter from the Storm
40%
Ch. 15 Stronger than Written Law
40%
Ch. 44 | Ch. 5 The Breaking Storm
40%
Ch. 44 The Color of Trust
40%
Ch. 33 The Dark Waits
40%
Ch. 53 The Feast of Lights
40%
Ch. 8 The Figurehead
40%
Prologue The First Sparks Fall
40%
Ch. 21 The Gift of a Blade
40%
Ch. 26 The Irrevocable Words
40%
Ch. 52 There is Neither Beginning nor End
40%
Ch. 55 The Threads Burn
40%
Ch. 58 The Traps of Rhuidean
40%
Ch. 50 Thorns
40%
Ch. 19 Three Women
40%
Ch. 54 To Caemlyn
40%
Ch. 1 | Ch. 32 To Keep the Bargain
40%
Ch. 47 To Race the Shadow
40%
Ch. 21 To Shadar Logoth
40%
Ch. 28 To the Tower of Ghenjei
40%
Ch. 4 Twilight
40%
Ch. 50 Veins of Gold
40%
Ch. 39 Weaving of the Web
40%
Ch. 11 What Lies Hidden
40%
Ch. 37 What Might Be
40%
Ch. 49 What Was Meant to Be
40%
Ch. 37 When Battle Begins
40%
Ch. 2 Whirlpools in the Pattern
40%
Ch. 14 White Plumes
40%
Ch. 20 Winds Rising
40%
Ch. 13 Wonderful News
40%
Ch. 17 A Bronze Bear
33%
Ch. 53 A Flow of the Spirit
33%
Ch. 7 A Goatpen
33%
Ch. 40 A Hero in the Night
33%
Ch. 41 A Hunter's Oath
33%
Ch. 21 A Matter of Property
33%
Ch. 46 A Message Out of the Shadow
33%
Ch. 24 A Message Sent
33%
Ch. 18 A Narrow Passage
33%
Ch. 28 A New Thread in the Pattern
33%
Ch. 16 An Unexpected Offer
33%
Ch. 18 A Taste of Solitude
33%
Ch. 28 A Way Out
33%
Ch. 21 A World of Dreams
33%
Ch. 51 Bait for the Net
33%
Ch. 26 Behind a Lock
33%
Ch. 22 Birdcalls by Night
33%
Ch. 28 Bread and Cheese
33%
Ch. 10 | Ch. 14 Changes
33%
Ch. 30 Cold, Fat Raindrops
33%
Ch. 33 Courage to Strengthen
33%
Ch. 32 Dangerous Words
33%
Prologue Deceptive Appearances
33%
Ch. 41 Disagreements
33%
Ch. 26 Discord
33%
Ch. 39 Encounters in Samara
33%
Ch. 37 Fires in Cairhien
33%
Ch. 48 Following the Craft
33%
Ch. 25 In Darkness
33%
Ch. 52 In Search of a Remedy
33%
Ch. 16 In the Mirror of Darkness
33%
Prologue In the Shadow
33%
Ch. 15 Into Canluum
33%
Ch. 8 Jarra
33%
Ch. 22 Keeping Custom
33%
Ch. 34 Legends
33%
Ch. 11 Lessons and Teachers
33%
Ch. 5 Nightmares Walking
33%
Ch. 37 Performances in Samara
33%
Ch. 19 Pond Water
33%
Ch. 37 Prince of the Ravens
33%
Ch. 13 Punishments
33%
Ch. 42 Remembrance of Dreams
33%
Ch. 35 Ripped Away
33%
Ch. 24 Scouting and Discoveries
33%
Ch. 23 Sealed
33%
Ch. 10 | Ch. 17 Secrets
33%
Ch. 4 Shadows Sleeping
33%
Ch. 13 Siege
33%
Ch. 15 Strangers and Friends
33%
Ch. 2 Taken
33%
Ch. 14 The Bite of the Thorns
33%
Ch. 43 The Crown of Roses
33%
Ch. 16 The Deeps
33%
Ch. 23 The Evening Star
33%
Ch. 29 The Festival of Birds
33%
Prologue The First Message
33%
Ch. 32 The First Ship
33%
Ch. 30 The First Toss
33%
Ch. 15 The Gray Man
33%
Ch. 44 The Lesser Sadness
33%
Ch. 54 The Light of the World
33%
Ch. 22 The Price of the Ring
33%
Ch. 27 The Shadow in the Night
33%
Ch. 40 The Tower Shakes
33%
Ch. 7 The Way Out of the Mountains
33%
Ch. 17 The Wheel of a Life
33%
Ch. 31 The Woman of Tanchico
33%
Ch. 43 This Place, This Day
33%
Ch. 39 Threads in the Pattern
33%
Ch. 49 To Boannda
33%
Ch. 46 To Come Out of the Shadow
33%
Ch. 18 To the White Tower
33%
Ch. 28 Trapped
33%
Ch. 20 Visitations
33%
Ch. 52 Weaves of the Power
33%
Ch. 36 Web of the Pattern
33%
Ch. 55 What Is Written in Prophecy
33%
Ch. 26 When to Surrender
33%
Ch. 21 Within the Stone
33%
Ch. 33 Within the Weave
33%
Ch. 9 Wolf Dreams
33%
Ch. 12 Woven in the Pattern
33%
Ch. 45 A Bitter Thought
27%
Ch. 10 A Blazing Beacon
27%
Ch. 18 A Chat With Siuan
27%
Ch. 28 A Cluster of Rosebuds
27%
Ch. 7 A Cold Medallion
27%
Ch. 26 A Crack in the Stone
27%
Ch. 4 A Deal
27%
Ch. 3 A Fan of Colors
27%
Ch. 11 A Hell in Maderin
27%
Ch. 40 A Making
27%
Ch. 12 A Manufactory
27%
Ch. 7 A Matter of Thought
27%
Ch. 12 A Morning of Victory
27%
Ch. 2 A New Arrival
27%
Ch. 37 A Note from the Palace
27%
Ch. 29 Another Plan
27%
Ch. 21 Answering the Summons
27%
Ch. 16 An Unexpected Encounter
27%
Ch. 25 An Unwelcome Return
27%
Ch. 18 A Peculiar Calling
27%
Ch. 27 A Plain Wooden Box
27%
Ch. 10 A Plan Succeeds
27%
Ch. 3 A Pleasant Ride
27%
Ch. 32 A Portion of Wisdom
27%
Ch. 4 A Quiet Place
27%
Ch. 45 A Reunion
27%
Ch. 9 A Short Path
27%
Ch. 26 As If the World Were Fog
27%
Ch. 8 A Simple Country Woman
27%
Ch. 6 A Stave and a Razor
27%
Ch. 18 As the Plow Breaks the Earth
27%
Ch. 24 A Strengthening Storm
27%
Ch. 38 A Sudden Chill
27%
Ch. 4 A Tale of a Doll
27%
Ch. 5 A Tale of Blood
27%
Ch. 41 A Threat
27%
Ch. 24 A Time for Iron
27%
Ch. 16 A Touch on the Cheek
27%
Ch. 25 Attending Elaida
27%
Ch. 3 At the Gardens
27%
Ch. 10 A Village in Shiota
27%
Ch. 14 A Vow
27%
Ch. 3 A Woman's Eyes
27%
Ch. 7 Blacksmith's Puzzle
27%
Ch. 20 Breakfast in Manala
27%
Ch. 13 Business in the City
27%
Ch. 23 Call to a Sitting
27%
Ch. 8 Clean Shirts
27%
Ch. 26 Connecting Lines
27%
Ch. 19 Diamonds and Stars
27%
Ch. 8 Dragons' Eggs
27%
Ch. 1 Eastward the Wind Blew
27%
Ch. 21 Embers and Ash
27%
Prologue Embers Falling on Dry Grass
27%
Ch. 12 Entering Home
27%
Ch. 26 Expectation
27%
Ch. 1 Fanning Sparks
27%
Ch. 13 Floating Like Snow
27%
Prologue Fortress of Light
27%
Ch. 13 For What Has Been Wrought
27%
Ch. 20 From the Stedding
27%
Ch. 22 Gathering Clouds
27%
Ch. 15 Gathering Darkness
27%
Ch. 27 Gifts
27%
Ch. 11 | Prologue Glimmers in the Pattern
27%
Ch. 13 High Seats
27%
Ch. 3 Hill of the Golden Dawn
27%
Ch. 24 Honey in the Tea
27%
Ch. 11 Ideas of Importance
27%
Ch. 28 In Malden
27%
Ch. 26 In So Habor
27%
Ch. 20 In the Night
27%
Ch. 39 In the Three-fold Land
27%
Ch. 16 In the White Tower
27%
Ch. 9 It Begins
27%
Ch. 10 It Finishes
27%
Ch. 11 Just Before Dawn
27%
Ch. 9 Leaving Malden
27%
Ch. 49 Light and Shadow
27%
Ch. 25 Like Lightning and Rain
27%
Ch. 24 Making Use of Invisibility
27%
Ch. 18 News for the Dragon
27%
Ch. 28 News in a Cloth Sack
27%
Ch. 23 Next Door to a Weaver
27%
Ch. 4 Nightfall
27%
Ch. 33 Nine Out of Ten
27%
Ch. 6 Old Fear, New Fear
27%
Ch. 22 One Answer
27%
Ch. 23 Ornaments
27%
Ch. 17 Out on the Ice
27%
Ch. 30 Outside the Gates
27%
Ch. 7 Pitfalls and Tripwires
27%
Ch. 39 Promises to Keep
27%
Ch. 11 Questions and an Oath
27%
Ch. 20 Questions of Treason
27%
Epilogue Remember the Old Saying
27%
Ch. 32 | Ch. 43 Sealed to the Flame
27%
Ch. 8 Shreds of Serenity
27%
Ch. 38 Six Stories
27%
Ch. 22 Small Sacrifices
27%
Ch. 29 Something Flickers
27%
Ch. 5 Something... Strange
27%
Ch. 21 Some Tricks of the Power
27%
Ch. 32 Summoned in Haste
27%
Ch. 19 | Ch. 6 Surprises
27%
Ch. 11 Talk of Debts
27%
Ch. 9 Tangles
27%
Ch. 1 Tears from Steel
27%
Ch. 2 The Choice of an Ajah
27%
Ch. 2 The Dark One's Touch
27%
Ch. 11 The Death of Adrin
27%
Ch. 26 The Extra Bit
27%
Ch. 30 The First Cup
27%
Ch. 5 The Forging of a Hammer
27%
Ch. 31 The House on Full Moon Street
27%
Ch. 5 The Human Heart
27%
Ch. 35 The Importance of Dyelin
27%
Ch. 7 The Itch
27%
Ch. 29 The Last Knot
27%
Ch. 10 The Last of the Tabac
27%
Ch. 19 The Law
27%
Ch. 2 The Nature of Pain
27%
Ch. 16 The New Follower
27%
Ch. 38 The Place that Was Not
27%
Ch. 7 The Plan for Arad Doman
27%
Ch. 6 The Scent of a Dream
27%
Ch. 6 The Scent of Madness
27%
Ch. 7 The Streets of Caemlyn
27%
Ch. 16 The Subject of Negotiations
27%
Ch. 17 The Triumph of Logic
27%
Ch. 47 The Wandering Woman
27%
Ch. 3 The Ways of Honor
27%
Ch. 6 Threads Woven of Shadow
27%
Ch. 1 Time to Be Gone
27%
Ch. 27 To Be Alone
27%
Ch. 23 To Lose the Sun
27%
Ch. 22 To Make an Anchor Weep
27%
Ch. 5 To Require a Boon
27%
Ch. 27 To Surprise Kings and Queens
27%
Ch. 23 To Understand a Message
27%
Ch. 2 Two Captains
27%
Ch. 36 Under an Oak
27%
Ch. 13 Under the Dust
27%
Ch. 12 Unexpected Encounters
27%
Ch. 10 Unseen Eyes
27%
Ch. 2 Unweaving
27%
Ch. 14 Wet Things
27%
Ch. 27 | Ch. 13 What Must Be Done
27%
Ch. 30 What the Oath Rod Can Do
27%
Prologue What the Storm Means
27%
Ch. 14 What Wise Ones Know
27%
Ch. 6 When Iron Melts
27%
Ch. 1 When Last Sounds
27%
Ch. 25 When to Wear Jewels
27%
Ch. 8 Whirlpools of Color
27%
Ch. 44 A Backhanded Request
20%
Ch. 14 A Box Opens
20%
Ch. 27 A Call to Stand
20%
Ch. 33 A Conversation with the Dragon
20%
Ch. 3 A Dangerous Place
20%
Ch. 15 A Different Skill
20%
Ch. 4 Advantages to a Bond
20%
Ch. 37 A Force of Light
20%
Ch. 10 After the Taint
20%
Ch. 33 A Good Soup
20%
Ch. 35 A Halo of Blackness
20%
Ch. 6 A Knack
20%
Ch. 21 A Mark
20%
Ch. 18 A Message in Haste
20%
Epilogue And After
20%
Ch. 12 An Empty Ink Bottle
20%
Ch. 24 A New Commitment
20%
Ch. 36 An Invitation
20%
Ch. 13 An Offer and a Departure
20%
Ch. 21 An Open Gate
20%
Ch. 41 An Unexpected Ally
20%
Ch. 11 An Unexpected Letter
20%
Ch. 15 A Place to Begin
20%
Ch. 1 Apples First
20%
Ch. 31 A Promise to Lews Therin
20%
Ch. 57 A Rabbit for Supper
20%
Ch. 16 A Silence Like Screaming
20%
Ch. 32 A Storm of Light
20%
Ch. 47 A Teaching Chamber
20%
Ch. 29 A Terrible Feeling
20%
Ch. 39 A Visit From Verin Sedai
20%
Ch. 23 A Warp in the Air
20%
Epilogue Bathed in Light
20%
Ch. 42 Before the Stone of Tear
20%
Ch. 9 Blood in the Air
20%
Ch. 52 Boots
20%
Prologue By Grace and Banners Fallen
20%
Ch. 50 Choosing Enemies
20%
Ch. 49 Court of the Sun
20%
Ch. 37 Darkness in the Tower
20%
Prologue Distinctions
20%
Ch. 14 Doses of Forkroot
20%
Ch. 23 Foxheads
20%
Ch. 19 Gambits
20%
Ch. 29 Into Bandar Eban
20%
Ch. 20 Into Thakan'dar
20%
Ch. 7 Into the Thick of It
20%
Ch. 31 Into the Void
20%
Ch. 34 Judgement
20%
Ch. 49 Just Another Man
20%
Ch. 11 Just Another Sell-sword
20%
Ch. 7 Lighter than a Feather
20%
Ch. 30 Men Dream Here
20%
Ch. 48 Near Avendesora
20%
Ch. 38 News in Tel'aran'rhiod
20%
Ch. 28 Night In Hinderstap
20%
Ch. 28 Oddities
20%
Ch. 30 Old Advice
20%
Ch. 17 Older, More Weathered
20%
Ch. 20 On a Broken Road
20%
Ch. 26 Parley
20%
Ch. 6 Questioning Intentions
20%
Ch. 17 Questions of Control
20%
Ch. 2 Questions of Leadership
20%
Ch. 48 Reading the Commentary
20%
Ch. 25 Return to Bandar Eban
20%
Ch. 32 River of Shadows
20%
Ch. 44 Scents Unknown
20%
Ch. 15 Shanna'har
20%
Ch. 43 Some Tea
20%
Ch. 56 Something Wrong
20%
Ch. 19 Talk of Dragons
20%
Ch. 8 That Smoldering City
20%
Ch. 3 The Amyrlin's Anger
20%
Ch. 19 The Choice of a Patch
20%
Ch. 36 The Death of Tuon
20%
Ch. 22 The End of a Legend
20%
Ch. 22 The Last That Could Be Done
20%
Ch. 47 The One He Lost
20%
Ch. 55 The One Left Behind
20%
Ch. 4 The Pattern Groans
20%
Ch. 35 The Right Thing
20%
Ch. 8 The Seven-Striped Lass
20%
Ch. 18 The Strength of This Place
20%
Ch. 27 The Tipsy Gelding
20%
Ch. 45 The Tower Stands
20%
Ch. 10 The Use of Dragons
20%
Ch. 46 To Be Forged Again
20%
Ch. 9 To Die Well
20%
Ch. 18 To Feel Wasted
20%
Ch. 24 To Make a Stand
20%
Ch. 19 Vows
20%
Ch. 46 Working Leather
20%
Ch. 38 Wounds
20%
Ch. 5 Writings
20%
Ch. 15 Your Neck in a Cord
20%
Ch. 48 A Brilliant Lance
13%
Ch. 43 A Field of Glass
13%
Ch. 35 A Practiced Grin
13%
Ch. 12 A Shard of a Moment
13%
Ch. 41 A Smile
13%
Ch. 31 A Tempest of Water
13%
Ch. 23 At the Edge of Time
13%
Ch. 26 Considerations
13%
Ch. 34 Drifting
13%
Ch. 27 Friendly Fire
13%
Ch. 42 Impossibilities
13%
Ch. 21 Not a Mistake to Ignore
13%
Ch. 17 Partings, and a Meeting
13%
Ch. 25 Quick Fragments
13%
Ch. 42 Stronger than Blood
13%
Ch. 45 Tendrils of Mist
13%
Ch. 29 The Loss of a Hill
13%
Ch. 33 The Prince's Tabac
13%
Ch. 30 The Way of the Predator
13%
Ch. 22 The Wyld
13%
Ch. 39 Those Who Fight
13%
Ch. 46 To Awaken
13%
Ch. 24 To Ignore the Omens
13%
Ch. 28 Too Many Men
13%
Epilogue To See the Answer
13%
Ch. 44 Two Craftsmen
13%
Ch. 36 Unchangeable Things
13%
Ch. 16 Use a Pebble
13%
Ch. 47 Watching the Flow Writhe
13%
Ch. 32 A Yellow Spider-Flower
7%
No matching quizzes found
Score Distribution
Percent of People with Each Score
Percentile by Number Answered
Your Score History
You have not taken this quiz